|
|
|
|
| LEADER |
00704nab a2200181 i 4500 |
| 001 |
univ65290 |
| 005 |
20230214151104.0 |
| 008 |
230214s2023 hu o 0|| hun d |
| 040 |
|
|
|a SZTE UnivHistória Repozitórium
|b hun
|
| 041 |
|
|
|a hun
|
| 245 |
0 |
0 |
|a Edzőt és légióst is cserélt a Szedeák
|h [elektronikus dokumentum]
|
| 260 |
|
|
|c 2023-02-13
|
| 300 |
|
|
|a 10
|
| 490 |
0 |
|
|a Szegedi Tükör
|
| 561 |
|
|
|a Egyetemi hirarchívum
|
| 695 |
|
|
|a Sport - kosárlabda, Naturtex-SZTE-Szedeák - férfi kosárlabdacsapat
|
| 856 |
4 |
0 |
|u http://univ.bibl.u-szeged.hu/65290/2/imedias3_Edzot_es_legiost.pdf
|z Dokumentum-elérés
|
| 856 |
4 |
0 |
|u http://univ.bibl.u-szeged.hu/65290/3/13263093_Edzot_es_legiost.pdf
|z Dokumentum-elérés
|